• 首页
  • 本馆介绍
  • 公告通知
  • 最新文献
  • 馆藏检索
  • 电子资源
  • 读者导购
  • 参考咨询
  • 我的图书馆
  • 登录
  • 详细信息显示
  • 放入我的书架
  • 预约/预借图书
  • 作者相关作品
  • 分类相关作品
  • 丛书相关作品
  • 出版社相关作品

书目信息

  • 表格格式
  • 工作单格式
  • 卡片格式
题名:
工程制图习题集
    
 
作者: 徐祖茂 , 吴战国 , 杨裕根 主编 ;同济大学 编
分册:  
出版信息: 北京   高等教育出版社  2013
页数: 71页
开本: 19×26cm
丛书名:
单 册:
中图分类: TB23-44
科图分类:
主题词: 工程制图--高等学校--习题集
电子资源:
ISBN: 978-7-04-037788-0
000 00979nam0 2200277 450
001 0102984806
005 20131111165330.0
010    @a978-7-04-037788-0@dCNY14.60
100    @a20131017d2013 em y0chiy0120 ea
101 0  @achi
102    @aCN@b110000
105    @aa q 000yy
106    @ar
200 1  @a工程制图习题集@9Gong Cheng Zhi Tu Xi Ti Ji @f徐祖茂,吴战国,杨裕根主编@g同济大学机械制图考研室编@b专著
210    @a北京@c高等教育出版社@d2013
215    @a71页@d19×26cm
300    @a高等学校教材
330    @a本书主要内容包括制图的基本知识、正投影法基础、立体及其表面交线、轴测图及草图、组合体、机件的图样画法、标准件和常用件、机械图样等。
606 0  @a工程制图@x高等学校@j习题集
690    @aTB23-44@v5
701  0 @a徐祖茂@9xu zu mao@4主编
701  0 @a吴战国@f(1968~)@9wu zhan guo@4主编
701  0 @a杨裕根@9yang yu gen@4主编
712 02 @a同济大学@b机械制图考研室@9tong ji da xue@4编
801  0 @aCN@bZL@c20130902
905    @aBZT@dTB23@e28@f1@sTB23/28
    
    工程制图习题集/徐祖茂,吴战国,杨裕根主编/同济大学机械制图考研室编.-北京:高等教育出版社,2013
    71页;19×26cm
    高等学校教材
    
    ISBN 978-7-04-037788-0:CNY14.60
    本书主要内容包括制图的基本知识、正投影法基础、立体及其表面交线、轴测图及草图、组合体、机件的图样画法、标准件和常用件、机械图样等。
●
相关链接 在五车中查询图书 在当当中查询图书 在豆瓣中查询图书


正题名:工程制图习题集     索取号:TB23/28         预约/预借

序号 登录号 条形码 馆藏地/架位号 状态 备注
1 2000004393   2000004393   旧书回溯/ [索取号:TB23/28] 在馆    
山东省滨州职业学院图书馆 欢迎您!
大连网信软件有限公司© 版权所有